000 01763nam a2200337 a 4500
003 DO-SdBNP
005 20250715093155.0
007 ta
008 220825e2022 dr ||||er|||| 000 0dspa d
020 _a9789945100662
040 _aDO-SdBNP
_bspa
_cBNPHU
_erda
041 _aspa
082 4 _axxx
_bS787i
_222
100 1 _aStanley, Avelino,
_d1959-
_91536
_eautor
_4aut.
245 1 0 _aImportancia de la lectura para los estudiantes. /
_cAvelino Stanley
250 _aPrimera edición
264 1 _aSanto Domingo :
_bCocolo editorial,
_c2022.
300 _a71 páginas ;
_c23 cm.
336 _atexto
_btxt
_2rdacontent
337 _asin mediación
_bn
_2rdamedia
338 _avolumen
_bnc
_2rdacarrier
500 _aIncluye datos biográficos del autor en la contracubierta.
500 _aIncluye bibliografía y notas al pié de páginas.
505 0 _aPresentación.
_t1. Precisión introductoria.--
_t2. Aspectos de la realidad de los estudiantes.--
_t3. Aportes importantes de la lectura a los estudiantes.--
_t4. La lectura antes y después de entrar a la universidad.--
_t5. ¿Qué cantidad de libros debe leer un estudiante?.--
_t6. ¿Cuáles libros deben leer los estudiantes?.--
_tLibros y autores recomendados.--
520 _aImportancia de la lectura para los estudiantes tiene el propósito de tocar de manera individual a cada estudiante. Para que cree conciencia de la importancia que tiene ponerle atención a su formación individual. Para que se dé cuenta de que su calidad educativa puede encontrar realización vinculándose al mundo de la lectura.
590 _aInventariado 2022 / MF
650 4 _977611
_a Promoción a la lectura
_zRepública Dominicana
650 4 _919031
_aLectura
_xEnseñanza
910 _aMFeliz
942 _2ddc
_cLBS1
999 _c52328
_d52328